000 00291nam a22001337a 4500
008 171123b xxu||||| |||| 00| 0 eng d
020 _a9780073385174
041 _aeng
080 _a33
100 _a59
101 _aBUS
245 _aCOMMUNICATING AT WORK
_cADLER.R.B
942 _2udc
_cBK
999 _c38320
_d38320